A lovasturizmus gazdasági hatásai Magyarországon

Bibliográfiai részletek
Szerző: Kovács Enikő
További közreműködők: Kálmán István
Dokumentumtípus: Diplomadolgozat
Kulcsszavak:falusi turizmus
kis- és középvállalkozások
lovasturizmus
termékfejlesztés
vidékfejlesztés
Online Access:http://dolgozattar.uni-bge.hu/59571

MARC

LEADER 00000nta a2200000 i 4500
001 dolg59571
005 20260409145239.0
008 260409suuuu hu om 000 hun d
040 |a BGE Dolgozattár Repozitórium  |b hun 
041 |a hu 
100 1 |a Kovács Enikő 
245 1 2 |a A lovasturizmus gazdasági hatásai Magyarországon  |c Kovács Enikő  |h [elektronikus dokumentum] 
520 3 |a Dolgozatom célja, hogy átfogó képet nyújtsak a lovasturizmus jelenlegi helyzetéről és gazdasági hatásairól Magyarországon. Feltérképezem a hazai lovasturisztikai infrastruktúrát, és bemutatom a szektor fejlődését. Kutatásom során foglalkozom a lovas létesítmények által nyújtott szolgáltatásokkal, a vendégkör összetételével, valamint azokkal a tényezőkkel, amelyek befolyásolják a szolgáltatások iránti keresletet. Rávilágítok arra, hogy a lovasturizmus nem csupán rekreációs tevékenység, hanem komoly gazdasági potenciált hordozó ágazat, amely jelentős mértékben hozzájárulhat a fenntartható vidékfejlesztéshez is. A dolgozatomban javaslatokat is megfogalmazok a lovasturizmus további fejlesztési lehetőségeire és a szektor támogatásának irányaira. 
695 |a falusi turizmus 
695 |a kis- és középvállalkozások 
695 |a lovasturizmus 
695 |a termékfejlesztés 
695 |a vidékfejlesztés 
700 1 |a Kálmán István  |e ths 
856 4 0 |u http://dolgozattar.uni-bge.hu/59571/1/A%20lovasturizmus%20helyzete%20%C3%A9s%20gazdas%C3%A1gi%20hat%C3%A1sai%20Magyarorsz%C3%A1gon_Kov%C3%A1cs%20Enik%C5%91%20VYAOBD.pdf  |z Dokumentum-elérés 
856 4 0 |u http://dolgozattar.uni-bge.hu/59571/2/Kov%C3%A1cs%20Enik%C5%91%20Szakdolgozat%20%C3%A9rt%C3%A9kel%C5%91%20Bsc.pdf  |z Dokumentum-elérés 
856 4 0 |u http://dolgozattar.uni-bge.hu/59571/3/Szakdolgozat%20%C3%A9rt%C3%A9kel%C5%91lap.pdf  |z Dokumentum-elérés 
856 4 0 |u http://dolgozattar.uni-bge.hu/59571/4/Szakdolgozat%20b%C3%ADr%C3%A1lat.pdf  |z Dokumentum-elérés